[Event "Kuala Lumpur Masters"]
[Site "Kuala Lumpur"]
[Date "2010.04.19"]
[Round "9"]
[White "Thakur, Akash"]
[Black "Mohamed, Abdul Haq"]
[Result "1-0"]
[WhiteElo "2355"]
[BlackElo "2057"]
[PlyCount "45"]
[EventDate "2010.04.14"]
[EventType "tourn"]
[EventRounds "9"]
[EventCountry "MAS"]
[EventCategory "3"]
[SourceTitle "CBM 135 Extra"]
[Source "ChessBase"]
[SourceDate "2010.05.04"]
[SourceVersion "1"]
[SourceVersionDate "2010.05.04"]
[SourceQuality "1"]

1. e4 g6 2. d4 Bg7 3. Nc3 d6 4. Nf3 Nf6 5. Be3 0-0 6. h3 c6 7. Bd3 b5 8. Qd2 Re8 9. 0-0 Bb7 10. Rad1 a6 11. Bh6 Bh8 12. e5 Nfd7 13. e6 fxe6 14. Ng5 Bf6 15. Bxg6 Nf8 16. Bxf8 Bxg5 17. Qxg5 Rxf8 18. Qh6 hxg6 19. Qxg6+ Kh8 20. Rd3 Rf6 21. Qh5+ Kg7 22. Rg3+ Kf8 23. Qh8+ 1-0

[Event "Kuala Lumpur Masters"]
[Site "Kuala Lumpur"]
[Date "2010.04.16"]
[Round "5"]
[White "Chan, Nicholas"]
[Black "Mohamed, Abdul Haq"]
[Result "0-1"]
[WhiteElo "2398"]
[BlackElo "2057"]
[PlyCount "70"]
[EventDate "2010.04.14"]
[EventType "tourn"]
[EventRounds "9"]
[EventCountry "MAS"]
[EventCategory "3"]
[SourceTitle "CBM 135 Extra"]
[Source "ChessBase"]
[SourceDate "2010.05.04"]
[SourceVersion "1"]
[SourceVersionDate "2010.05.04"]
[SourceQuality "1"]

1. d4 f5 2. g3 Nf6 3. Bg2 d5 4. Nh3 e6 5. 0-0 Bd6 6. Bf4 0-0 7. Nd2 b6 8. c4 Bb7 9. Qc2 Ne4 10. Nf3 h6 11. Bxd6 Qxd6 12. Nf4 g5 13. Ng6 Rf6 14. Nfe5 Qd8 15. c5 g4 16. c6 Nxc6 17. Nxc6 Bxc6 18. f3 gxf3 19. exf3 Bb5 20. Rfc1 Rxg6 21. fxe4 dxe4 22. Qxc7 Qxd4+ 23. Kh1 Rd8 24. Qxa7 Rg7 25. Qa3 Kh7 26. Qb3 Qd5 27. Qe3 Qd4 28. Qb3 Rd5 29. Re1 Qf2 30. Rg1 Be2 31. Qc2 Rc5 32. Qd2 e3 33. Qd6 Rc2 34. Qxe6 Bd3 35. Rac1 Qxg2+ 0-1

[Event "Kuala Lumpur Masters"]
[Site "Kuala Lumpur"]
[Date "2010.04.14"]
[Round "1"]
[White "Iuldachev, Saidali"]
[Black "Mohamed, Abdul Haq"]
[Result "1-0"]
[WhiteElo "2511"]
[BlackElo "2057"]
[PlyCount "53"]
[EventDate "2010.04.14"]
[EventType "tourn"]
[EventRounds "9"]
[EventCountry "MAS"]
[EventCategory "3"]
[SourceTitle "CBM 135 Extra"]
[Source "ChessBase"]
[SourceDate "2010.05.04"]
[SourceVersion "1"]
[SourceVersionDate "2010.05.04"]
[SourceQuality "1"]

1. e4 e5 2. Nf3 Nf6 3. Nxe5 d6 4. Nf3 Nxe4 5. Qe2 Qe7 6. d3 Nf6 7. Bg5 Qxe2+ 8. Bxe2 Be7 9. Nc3 c6 10. 0-0-0 h6 11. Bh4 Be6 12. Rhe1 0-0 13. Nd4 Bc8 14. Ne4 Rd8 15. Nxf6+ Bxf6 16. Bxf6 gxf6 17. Bh5 c5 18. Nb5 Na6 19. d4 Bf5 20. Re7 Nb4 21. a3 Nxc2 22. g4 Bh7 23. f4 Nxd4 24. Nxd4 cxd4 25. f5 Rac8+ 26. Kb1 Re8 27. Bxf7+ 1-0